000 01188nam0a22002651 4500
001 rc\3355203
005 20130115152525.9
021 _aRU
_b[71-11248]
035 _a(NLR Aleph) 007523259
090 _a7732179
_c7732179
100 _a20130115d1971 |||y0rusy50 ca
101 0 _arus
_aeng
102 _aRU
105 _ay z |||||
200 1 _aПособие по переводу с английского языка на русский
_e(Сокр. вариант для студентов-заочников IV курса)
_fМ-во высш. и сред. спец. образования СССР. Моск. гос. пед. ин-т иностр. яз. им. Мориса Тореза. Кафедра англ. яз. заоч. отд-ния
210 _aМосква
_cБ. и.
_d1971
215 _a52 с.
_d20
606 _aАнглийский язык
_xПереводы
_jПособия для заочников
_2psbo
700 1 _aЛевицкая
_bТ. Р.
_gТатьяна Романовна
701 1 _aФитерман
_bА. М.
_gАда Моисеевна
801 0 _aRU
_bNLR
_gpsbo
801 1 _aRU
_bELAR
_2rusmarc
852 _aNLR
_j71-4/4863
942 _cBOOK
980 _aNB